Koláče a torty. : Veľká obrázková kniha o pečení. /
Uložené v:
| Hlavný autor: | |
|---|---|
| Médium: | Kniha |
| Jazyk: | Slovak German |
| Vydané: |
Bratislava :
Fortuna Print, spol. s r.o.,
[1993]
|
| Vydanie: | 1. vyd. |
| Edícia: | Pečieme chutne a zdravo
|
| Témy: | |
| ISBN: |
8071530530 (viaz.) |
| Fyzický popis: |
144 s. |
| Tagy: |
Pridať tag
Žiadne tagy, Buďte prvý kto otaguje tento záznam!
|
Titul je dostupný aj v ... 

MARC
| LEADER | 00000nam a2200000 a 4500 | ||
|---|---|---|---|
| 001 | 000071749 | ||
| 003 | SVKK | ||
| 005 | 20010430000000.0 | ||
| 008 | 000420s1993 xo e sloo | ||
| 020 | |a 8071530530 (viaz.) | ||
| 040 | |a SVKKK |b slo |c SVKKK |e AACR2 | ||
| 041 | 1 | |a slo |h ger | |
| 044 | |a xo |c SK | ||
| 080 | |a 641.85(083.1) |2 1997 | ||
| 100 | 1 | |a Wolter, Annette |4 aut | |
| 245 | 1 | 0 | |a Koláče a torty. : |b Veľká obrázková kniha o pečení. / |c Annette Wolter...[et al.] |
| 250 | |a 1. vyd. | ||
| 260 | |a Bratislava : |b Fortuna Print, spol. s r.o., |c [1993] | ||
| 300 | |a 144 s. | ||
| 440 | 0 | |a Pečieme chutne a zdravo | |
| 653 | 0 | |a koláče |2 SVKKKPH | |
| 653 | 0 | |a torty |2 SVKKKPH | |
| 653 | 0 | |a knihy kuchárske |2 SVKKKPH | |
| 653 | 0 | |a príprava |2 SVKKKPH | |
| 655 | 7 | |a príručky |2 SVKKKPH | |
| 910 | |a svkkk | ||
| 919 | |a 80-7153-053-0 | ||
| 974 | |a UH |d 20000511 | ||
| 974 | |a PA |d 20000511 | ||
| 974 | |a PA |d 20010430 | ||
| 998 | |a BK | ||
| 090 | |g SCKHL |k Sklad Pribinova 3. posch. |a V.187871 |j 867459 |i 2720189344 |4 Multiplikát |s Vyradená | ||
| 090 | |g SCKHL |k Sklad Pribinova 3. posch. |a V.187872 |j 867460 |i 2720124848 |s Absenčne | ||
| 090 | |g SCKHL |k Sklad Pribinova 3. posch. |a V.188296 |j 868987 |i 2720244259 |s Absenčne | ||
| 090 | |g SCKHL |k Sklad Pribinova 3. posch. |a V.188297 |j 868988 |i 71749-40 |4 Strata |s Vyradená | ||